000 00703nam a2200289Ia 4500
005 20260324143811.0
008 008 260324s9999 xx 000 0 eng d
020 _a9781315807584
037 _aEBOOK
040 _aCRL
040 _beng
040 _cCRL
041 _2eng
041 _aeng
084 _qCRL
100 _aPaul B. Baltes; David L. Featherman; Richard M. Lerner
_91216970
245 0 _aLife-Span Development and Behavior
245 0 _bVolume 10
260 _bTaylor and Francis
260 _c1990
365 _a
365 _b230
856 _uhttp://www.taylorfrancis.com/books/9781315807584
942 _cEBOOK
999 _c1822801
_d1822801